书目信息 |
| 题名: |
红楼笨谜
|
|
| 作者: | 王国维 , 蔡元培 , 鲁迅 著 | |
| 分册: | ||
| 出版信息: | 重庆 重庆出版社 2011.01 |
|
| 页数: | 219页, [16] 叶图版 | |
| 开本: | 23cm | |
| 丛书名: | ||
| 单 册: | ||
| 中图分类: | I207.411 | |
| 科图分类: | ||
| 主题词: | ||
| 电子资源: | ||
| ISBN: | 978-7-229-03159-6 | |
| 000 | 00960nam0 2200265 450 | |
| 001 | 012011918769 | |
| 005 | 20110730172105.53 | |
| 010 | @a978-7-229-03159-6@dCNY29.80 | |
| 100 | @a20110730d2011 em y0chiy0120 ea | |
| 101 | 0 | @achi |
| 102 | @aCN@b500000 | |
| 105 | @aaf z 000yy | |
| 106 | @ar | |
| 200 | 1 | @a红楼笨谜@Ahong lou ben mi@e大师解读《红楼梦》@f王国维, 蔡元培, 鲁迅等著@Fwang guo wei,cai yuan pei,lu xun deng zhu |
| 210 | @a重庆@c重庆出版社@d2011.01 | |
| 215 | @a219页, [16] 叶图版@c图@d23cm | |
| 330 | @a本书主要内容:王国维——彻头彻尾大悲剧;蔡元培——欲使石头筑庙堂;鲁迅——开天辟地之绝文;张笑侠——千载佳文红之评等。 | |
| 517 | 1 | @a大师解读《红楼梦》@Ada shi jie du《hong lou meng》 |
| 605 | @a红楼梦@Ahong lou meng@x研究 | |
| 690 | @aI207.411@v4 | |
| 701 | 0 | @a王国维@Awang guo wei@4著 |
| 701 | 0 | @a蔡元培@Acai yuan pei@4著 |
| 701 | 0 | @a鲁迅@Alu xun@4著 |
| 801 | 0 | @aCN@bQSSK@c20110730 |
| 905 | @b794099-101@dI207.411@eW197@f3 | |
| 红楼笨谜:大师解读《红楼梦》/王国维, 蔡元培, 鲁迅等著.-重庆:重庆出版社,2011.01 |
| 219页, [16] 叶图版:图;23cm |
| ISBN 978-7-229-03159-6:CNY29.80 |
| 本书主要内容:王国维——彻头彻尾大悲剧;蔡元培——欲使石头筑庙堂;鲁迅——开天辟地之绝文;张笑侠——千载佳文红之评等。 |
| ● |
| 相关链接 |
|
|
|
正题名:红楼笨谜
索取号:I207.411/W197
 
预约/预借
| 序号 | 登录号 | 条形码 | 馆藏地/架位号 | 状态 | 备注 |
| 1 | 794099 | 207940996 | 社科二线422/422社科库 25排4列5层/ [索取号:I207.411/W197] | 在馆 | |
| 2 | 794100 | 207941003 | 文学库108/108文学库 9排7列5层/ [索取号:I207.411/W197] | 在馆 | |
| 3 | 794101 | 207941012 | 文学库108/108文学库 9排7列5层/ [索取号:I207.411/W197] | 在馆 |